History Quiz

Random History or Justice Quiz

Chief Justices (US) Quiz Stats

 Plays Quiz Updated Feb 4, 2019

Support Sporcle.
Go Orange.
Score 0/17 Timer 05:00
3 Plays Today
Term of Office Chief Justice % Correct
2005 - PresentJohn Glover Roberts, Jr.
87.5%
1801 - 1835John Marshall
80.3%
1953 - 1969Earl Warren
75.9%
1986 - 2005William Hubbs Rehnquist
72.3%
1789 - 1795John Jay
71.7%
1921 - 1930William Howard Taft
66.3%
1969 - 1986Warren Earl Burger
63.3%
1836 - 1864Roger Brooke Taney
46.8%
1864 - 1873Salmon Portland Chase
32.8%
Term of Office Chief Justice % Correct
1910 - 1921Edward Douglass White
28.5%
1946 - 1953Frederick Moore Vinson
28.5%
1930 - 1941Charles Evans Hughes
28%
1795John Rutledge
26.3%
1941 - 1946Harlan Fiske Stone
25.8%
1796 - 1800Oliver Ellsworth
21.5%
1874 - 1888Morrison Remick Waite
20.3%
1888 - 1910Melville Weston Fuller
19.2%

From the Vault

US States by Five Letters

by LTH

Sorry Iowa, Ohio, and Utah. You must be 5 letters tall to ride.
Remove Ads.
Support Sporcle.
Get the best of Sporcle when you Go Orange. This ad-free experience offers more features, more stats, and more fun while also helping to support Sporcle. Thank you for becoming a member.

Show Comments

Extras

Top Quizzes Today


Score Distribution

Your Account Isn't Verified!

In order to create a playlist on Sporcle, you need to verify the email address you used during registration. Go to your Sporcle Settings to finish the process.

Report this User

Report this user for behavior that violates our Community Guidelines.

Details: